[Event "GER-chT Lands U20"]
[Site "Neumuenster"]
[Date "2021.10.04"]
[Round "4.3"]
[White "Bashylina, Luisa"]
[Black "Reitz, Theresa"]
[Result "1/2-1/2"]
[WhiteElo "2000"]
[BlackElo "1848"]
[PlyCount "87"]
[EventDate "2021.10.01"]
[EventType "team-swiss"]
[EventRounds "7"]
[EventCountry "GER"]
[SourceTitle "CBM 204 Extra"]
[Source "ChessBase"]
[SourceDate "2021.11.30"]
[SourceVersion "1"]
[SourceVersionDate "2021.11.30"]
[SourceQuality "1"]
[WhiteTeam "Nordrhein Westfalen"]
[BlackTeam "Rheinland Pfalz"]
[WhiteTeamCountry "GER"]
[BlackTeamCountry "GER"]

1. d4 d5 2. c4 c6 3. Nf3 dxc4 4. e3 b5 5. a4 a5 6. axb5 cxb5 7. b3 e6 8. bxc4 Bb4+ 9. Bd2 Bxd2+ 10. Nbxd2 b4 11. c5 Nf6 12. Nc4 0-0 13. Nb6 Ra7 14. Nxc8 Qxc8 15. Bd3 Nc6 16. 0-0 Rd8 17. Qc2 Qb8 18. Bc4 Nd5 19. Ng5 Nf6 20. Rfd1 h6 21. Nxe6 fxe6 22. Bxe6+ Kh8 23. d5 Ne5 24. f4 b3 25. Qc3 a4 26. fxe5 Ne4 27. Qd4 Ng5 28. Bf5 a3 29. Qc3 a2 30. Qb2 Nf7 31. Rd3 Qxe5 32. Qxe5 Nxe5 33. Rxb3 g6 34. Be6 Nd7 35. Rb5 Nf8 36. Rb2 Nxe6 37. dxe6 Rda8 38. Kf2 Kg7 39. Ke2 Kf6 40. Rb6 Ra5 41. Kd3 Rxc5 42. e7+ Kxe7 43. Rxg6 Rb5 44. Kc2 1/2-1/2

[Event "GER-chT Lands U20"]
[Site "Neumuenster"]
[Date "2021.10.04"]
[Round "5.3"]
[White "Reitz, Theresa"]
[Black "Schulze, Lara"]
[Result "0-1"]
[WhiteElo "1848"]
[BlackElo "2252"]
[PlyCount "80"]
[EventDate "2021.10.01"]
[EventType "team-swiss"]
[EventRounds "7"]
[EventCountry "GER"]
[SourceTitle "CBM 204 Extra"]
[Source "ChessBase"]
[SourceDate "2021.11.30"]
[SourceVersion "1"]
[SourceVersionDate "2021.11.30"]
[SourceQuality "1"]
[WhiteTeam "Rheinland Pfalz"]
[BlackTeam "Bremen/Niedersachsen"]
[WhiteTeamCountry "GER"]
[BlackTeamCountry "GER"]

1. Nf3 Nf6 2. g3 d5 3. Bg2 c6 4. 0-0 Bg4 5. d3 Nbd7 6. h3 Bh5 7. Qe1 e5 8. e4 Bd6 9. Nh4 0-0 10. Nc3 dxe4 11. dxe4 Re8 12. Bd2 a5 13. a4 Nc5 14. Kh1 Nfd7 15. Nf5 Bf8 16. Ne2 f6 17. b3 Qc7 18. g4 Bf7 19. f4 g6 20. Nfg3 exf4 21. Bxf4 Ne5 22. Qf2 Ncd7 23. Rad1 Rad8 24. g5 fxg5 25. Bxg5 Be7 26. Bh6 Nf8 27. Rxd8 Bxd8 28. Qd4 Qe7 29. Rf4 Bc7 30. Rg4 Ne6 31. Nf5 Nxd4 32. Nxe7+ Rxe7 33. Nxd4 Nxg4 34. hxg4 Rd7 35. Be3 Bb6 36. c3 Bxd4 37. Bxd4 Bxb3 38. Bb6 Bxa4 39. Bxa5 Re7 40. Bb4 Re6 0-1

[Event "GER-ch (Women)"]
[Site "Magdeburg"]
[Date "2020.08.20"]
[Round "7"]
[White "Rogozenco, Teodora Nana"]
[Black "Reitz, Theresa"]
[Result "1-0"]
[WhiteElo "1979"]
[BlackElo "1942"]
[PlyCount "49"]
[EventDate "2020.08.16"]
[EventType "swiss"]
[EventRounds "9"]
[EventCountry "GER"]
[SourceTitle "CBM 197 Extra"]
[Source "ChessBase"]
[SourceDate "2020.09.30"]
[SourceVersion "1"]
[SourceVersionDate "2020.09.30"]
[SourceQuality "1"]

1. d4 Nf6 2. c4 g6 3. Nc3 d5 4. Bg5 Ne4 5. Bh4 Nxc3 6. bxc3 Bg7 7. e3 c6 8. Nf3 Nd7 9. cxd5 cxd5 10. Qb3 Nb6 11. Bb5+ Bd7 12. Ne5 Bxe5 13. dxe5 Bxb5 14. Qxb5+ Qd7 15. Qb4 Rc8 16. Qf4 Qb5 17. Bxe7 Qb2 18. 0-0 Kxe7 19. Qf6+ Kd7 20. Qxf7+ Kd8 21. e4 Qxc3 22. Qf6+ Kd7 23. exd5 Rhf8 24. Qg7+ Ke8 25. d6 1-0

[Event "Heusenstamm Sparkassen op-A 6th"]
[Site "Heusenstamm"]
[Date "2019.11.22"]
[Round "2"]
[White "Rolle, Eric"]
[Black "Reitz, Theresa"]
[Result "1/2-1/2"]
[WhiteElo "2206"]
[BlackElo "1901"]
[PlyCount "105"]
[EventDate "2019.11.21"]
[EventType "swiss"]
[EventRounds "7"]
[EventCountry "GER"]
[SourceTitle "CBM 194 Extra"]
[Source "ChessBase"]
[SourceDate "2020.03.31"]
[SourceVersion "1"]
[SourceVersionDate "2020.03.31"]
[SourceQuality "1"]

1. Nf3 c5 2. c4 Nc6 3. Nc3 e5 4. e3 d6 5. Be2 g6 6. a3 Bg7 7. Rb1 a5 8. d3 Nge7 9. h4 h6 10. Bd2 d5 11. cxd5 Nxd5 12. Qa4 0-0 13. Qb5 Qb6 14. Qxb6 Nxb6 15. Rc1 f5 16. e4 Bd7 17. Nd5 Nxd5 18. exd5 Nd4 19. Nxd4 cxd4 20. Rc7 Ba4 21. Rxb7 Rfb8 22. Rxb8+ Rxb8 23. b4 axb4 24. axb4 Bf8 25. 0-0 Bxb4 26. Bxh6 Be7 27. Ra1 Bc2 28. Ra6 Bxh4 29. g3 Kh7 30. Bd2 Bd8 31. Ra7+ Kg8 32. Bh6 Bf6 33. Rc7 Bb3 34. d6 Rd8 35. Rb7 Bd5 36. Rb6 Kf7 37. Bd2 Rd7 38. f3 Ke6 39. Bb4 Bg7 40. Bd1 Bf6 41. Ba4 Rb7 42. Rxb7 Bxb7 43. Kf2 Bd8 44. Be8 g5 45. g4 fxg4 46. fxg4 Kf6 47. Bc5 Bc8 48. Kf3 Bb7+ 49. Ke2 Bc8 50. Bh5 Ke6 51. Bb4 Kf6 52. Kd2 Bd7 53. Ke2 1/2-1/2

[Event "GER-chT Lands U20"]
[Site "Wuerzburg"]
[Date "2019.10.02"]
[Round "2.5"]
[White "Farokhi, Keyvan"]
[Black "Reitz, Theresa"]
[Result "1-0"]
[WhiteElo "2018"]
[BlackElo "1935"]
[PlyCount "43"]
[EventDate "2019.10.01"]
[EventType "team-swiss"]
[EventRounds "7"]
[EventCountry "GER"]
[SourceTitle "EXT 2020"]
[Source "ChessBase"]
[SourceDate "2019.10.17"]
[SourceVersion "1"]
[SourceVersionDate "2019.10.17"]
[SourceQuality "1"]
[WhiteTeam "Schleswig Holstein"]
[BlackTeam "Rheinland Pfalz"]
[WhiteTeamCountry "GER"]
[BlackTeamCountry "GER"]

1. d4 Nf6 2. Bf4 g6 3. Nc3 d5 4. e3 Bg7 5. h4 c5 6. Nb5 Na6 7. Nf3 Bd7 8. a4 0-0 9. Bd3 Nb4 10. Ne5 Nxd3+ 11. Qxd3 Bf5 12. Qe2 Qa5+ 13. c3 a6 14. Na3 Ne4 15. g4 Be6 16. f3 Nd6 17. h5 Rac8 18. hxg6 fxg6 19. Qh2 h5 20. Nxg6 cxd4 21. Qxh5 Rxf4 22. Nxf4 1-0

[Event "EU-ch U16 Girls 28th"]
[Site "Riga"]
[Date "2018.08.22"]
[Round "3"]
[White "Reitz, Theresa"]
[Black "Golsta, Ramona"]
[Result "1-0"]
[WhiteElo "1850"]
[BlackElo "1661"]
[PlyCount "38"]
[EventDate "2018.08.20"]
[EventType "swiss"]
[EventRounds "9"]
[EventCountry "LAT"]
[SourceTitle "CBM 186 Extra"]
[Source "ChessBase"]
[SourceDate "2018.08.24"]
[SourceVersion "1"]
[SourceVersionDate "2018.08.24"]
[SourceQuality "1"]

1. Nf3 d5 2. g3 e6 3. Bg2 f5 4. 0-0 Nf6 5. c4 c6 6. d3 Bd6 7. Nc3 0-0 8. cxd5 exd5 9. e4 fxe4 10. dxe4 dxe4 11. Ng5 Qc7 12. Qb3+ Kh8 13. Ncxe4 Nxe4 14. Nxe4 Na6 15. Be3 b6 16. Rac1 Bb7 17. Bg5 Be7 18. Qd3 g6 19. Qd4+ Kg8 1-0

[Event "Vellmar op 10th"]
[Site "Vellmar"]
[Date "2018.07.15"]
[Round "6"]
[White "Powalla, Christian"]
[Black "Reitz, Theresa"]
[Result "1/2-1/2"]
[WhiteElo "1812"]
[BlackElo "1879"]
[PlyCount "101"]
[EventDate "2018.07.12"]
[EventType "swiss"]
[EventRounds "7"]
[EventCountry "GER"]
[SourceTitle "CBM 185 Extra"]
[Source "ChessBase"]
[SourceDate "2018.07.29"]
[SourceVersion "1"]
[SourceVersionDate "2018.07.29"]
[SourceQuality "1"]

1. e4 c5 2. d4 cxd4 3. c3 g6 4. cxd4 d5 5. e5 Bg7 6. Nc3 Nc6 7. Bb5 f6 8. exf6 exf6 9. Nf3 Nge7 10. h3 0-0 11. 0-0 Nf5 12. Ba4 Be6 13. Re1 Bf7 14. Bxc6 bxc6 15. Bf4 g5 16. Bh2 Nd6 17. Qa4 Nc4 18. b3 Nb6 19. Qa6 Bh5 20. g4 Bg6 21. Re6 f5 22. Rd6 Qc8 23. Qxc8 Raxc8 24. Be5 fxg4 25. Nxg5 Bxe5 26. dxe5 Rf5 27. Ne6 Rxe5 28. hxg4 Kf7 29. Nf4 Ke7 30. Rxg6 hxg6 31. Nxg6+ Kd6 32. Nxe5 Kxe5 33. Kg2 Kf4 34. f3 Re8 35. Kf2 Nd7 36. Ne2+ Kg5 37. Rh1 Nc5 38. Rh5+ Kg6 39. Nd4 Nd3+ 40. Kg3 c5 41. Nc6 d4 42. Rd5 Re6 43. Nxa7 Ra6 44. Rd7 Rxa2 45. f4 Rb2 46. Rb7 c4 47. f5+ Kf6 48. Rb6+ Kf7 49. Rb7+ Kf6 50. Rb6+ Kf7 51. Rb7+ 1/2-1/2

[Event "Vellmar op 10th"]
[Site "Vellmar"]
[Date "2018.07.13"]
[Round "2"]
[White "Ruhl, Marcel"]
[Black "Reitz, Theresa"]
[Result "0-1"]
[WhiteElo "1721"]
[BlackElo "1879"]
[PlyCount "28"]
[EventDate "2018.07.12"]
[EventType "swiss"]
[EventRounds "7"]
[EventCountry "GER"]
[SourceTitle "CBM 185 Extra"]
[Source "ChessBase"]
[SourceDate "2018.07.29"]
[SourceVersion "1"]
[SourceVersionDate "2018.07.29"]
[SourceQuality "1"]

1. d4 Nf6 2. c4 g6 3. Nc3 d5 4. Bf4 Bg7 5. e3 0-0 6. Nf3 c5 7. cxd5 Nxd5 8. Nxd5 Qxd5 9. Be2 cxd4 10. exd4 Nc6 11. Be5 Nxe5 12. dxe5 Qa5+ 13. Qd2 Qxd2+ 14. Nxd2 Bxe5 0-1

[Event "SVR-ch MAT"]
[Site "Hennweiler"]
[Date "2018.03.29"]
[Round "4"]
[White "Mallmann, Bernd"]
[Black "Reitz, Theresa"]
[Result "1/2-1/2"]
[WhiteElo "1838"]
[BlackElo "1727"]
[PlyCount "55"]
[EventDate "2018.03.24"]
[EventType "tourn"]
[EventRounds "7"]
[EventCountry "GER"]
[SourceTitle "EXT 2020"]
[Source "ChessBase"]
[SourceDate "2019.10.17"]
[SourceVersion "1"]
[SourceVersionDate "2019.10.17"]
[SourceQuality "1"]

1. d4 Nf6 2. Nc3 d5 3. Qd3 g6 4. f3 Bg7 5. Bg5 0-0 6. e4 dxe4 7. fxe4 c5 8. d5 Ng4 9. h3 Ne5 10. Qd2 f5 11. d6 Qxd6 12. Qxd6 exd6 13. 0-0-0 fxe4 14. Nxe4 Nbc6 15. Nxd6 b6 16. g4 Be6 17. a3 Bd5 18. Rh2 Nf3 19. Nxf3 Bxf3 20. Bc4+ Kh8 21. Nf7+ Rxf7 22. Bxf7 Bxd1 23. Kxd1 Bxb2 24. c4 Bg7 25. Bd5 Rc8 26. Re2 h6 27. Bf4 Rf8 28. Bxh6 1/2-1/2